W ogrodzie na literę „k” - Statystyki

Ogólne statystyki
  • Ten quiz został rozwiązany 87 razy
    28 od ostatniego zresetowania
  • Średni wynik to 3 z 8
Statystyki odpowiedzi
Odpowiedź % Poprawnych
kwiaty
83%
konewka
58%
krzewy
42%
konwalia
29%
kran
25%
kret
25%
kretowisko
8%
kruk
4%
Nie znaleziono quizów pasujących do podanych kryteriów
Rozkład punktacji
Procent ludzi z każdym wynikiem
Percentyl według liczby udzielonych odpowiedzi
Twoja historia wyników
Nie rozwiązałeś tego quizu od ostatniego zresetowania